| Tag |
First Indicator |
Second Indicator |
Subfields |
| LEADER |
00000cam a2200000 4500 |
| 001 |
in00000034105 |
| 005 |
20151007055211.0 |
| 008 |
800108s1901 enk b 00110 eng d |
| 035 |
|
|
|a (OCoLC)05852671
|
| 035 |
|
|
|9 AAB7554AM
|
| 040 |
|
|
|a AFU
|c AFU
|d TXA
|d UtOrBLW
|
| 049 |
|
|
|a TXAM
|c [A12594753]
|
| 050 |
|
4 |
|a JN137
|b .I4 1901
|
| 100 |
1 |
|
|a Ilbert, Courtenay,
|d 1841-1924.
|
| 245 |
1 |
0 |
|a Legislative methods and forms /
|c by Sir Courtenay Ilbert.
|
| 264 |
|
1 |
|a Oxford :
|b Clarendon Press;
|a London
|a New York :
|b H. Frowde,
|c 1901.
|
| 300 |
|
|
|a xxxi, 372 pages ;
|c 23 cm.
|
| 336 |
|
|
|a text
|b txt
|2 rdacontent
|
| 337 |
|
|
|a unmediated
|b n
|2 rdamedia
|
| 338 |
|
|
|a volume
|b nc
|2 rdacarrier
|
| 500 |
|
|
|a Reprinted in part from the Journal of the Society of Comparative legislation, the Quarterly review, the Encyclopedia of English law and the law quarterly review.
|
| 504 |
|
|
|a Includes bibliographical references and index.
|
| 651 |
|
0 |
|a Great Britain
|x Politics and government.
|
| 650 |
|
0 |
|a Law
|z Great Britain
|x History.
|
| 999 |
|
|
|a MARS
|
| 999 |
f |
f |
|s 02627339-a731-35cb-ac53-684a83b7fbee
|i 2233d2e1-bf17-3c3c-932d-e44b195d60cd
|t 0
|
| 952 |
f |
f |
|p ric
|a Texas A&M University
|b Rellis Campus
|c Joint Library Facility
|d Remote Storage
|t 0
|e JN137 .I4 1901
|h Library of Congress classification
|i unmediated -- volume
|m A14812594753
|
| 998 |
f |
f |
|a JN137 .I4 1901
|t 0
|l Remote Storage
|